The intelligent investor : a book of practical counsel

Bibliographic Details
Main Author: Graham, Benjamin (Author)
Other Authors: Zweig, Jason (commentor)
Format: Book
Language:English
Published: New York : Harper Business Essentials 2003.
Edition:Revised edition
Subjects:

MARC

LEADER 00000cam a2200000 7i4500
001 0000027673
005 20241119.0
008 171122 -us eng
020 |a 9780060555665 
040 |a INS   |b eng   |e rda 
090 0 0 |a HG4521   |b G73 2003 
100 1 |a Graham, Benjamin ,   |e author 
245 1 4 |a The intelligent investor :   |b a book of practical counsel   |c Benjamin Graham; updated with new commentary by Jason Zweig 
250 |a Revised edition 
264 1 |a New York :   |b Harper Business Essentials   |c 2003. 
300 |a xiv, 623 pages ;   |c 21 cm. 
336 |a text  |2 rdacontent 
337 |a unmediated  |2 rdamedia 
338 |a volume  |2 rdacarrier 
504 |a Includes bibliographical references and index 
650 0 |a Investments 
650 0 |a Securities 
700 1 |a Zweig, Jason ,   |e commentor 
999 |a 1000003145   |b BOOK   |c Open Shelf   |e Default branch